|
|
|
|
| LEADER |
02187nam a2200337 a 4500 |
| 001 |
0020217 |
| 003 |
BD-DhAAL |
| 008 |
100516s1999 nyua b 001 0 eng d |
| 010 |
|
|
|a \\\99010012
|
| 020 |
|
|
|a 0780347455
|
| 040 |
|
|
|a DLC
|c DLC
|d DLC
|d BD-DhAAL
|
| 082 |
0 |
0 |
|a 621.38275
|2 21
|
| 100 |
1 |
|
|a Kartalopoulos, Stamatios V.
|9 58910
|
| 245 |
1 |
0 |
|a Understanding SONET/SDH and ATM :
|b communications networks for the next millennium /
|c Stamatios V. Kartalopoulos.
|
| 260 |
|
|
|a New York :
|b IEEE Press,
|c c1999.
|
| 300 |
|
|
|a xxiii, 257 p. :
|b ill. ;
|c 23 cm. b+s
|e 1 computer laser optical disc (4 3/4 in.)
|
| 490 |
0 |
|
|a IEEE Press understanding science & technology series.
|
| 500 |
|
|
|a "IEEE Communication Society, sponsor."
|
| 504 |
|
|
|a Includes bibliographical references (p. 215-219) and index.
|
| 526 |
|
|
|x Md Sayeed Salam
Department of Electrical and Electronic Engineering
BRAC University
Course Name : Telecommunication Transmission Technologies (EEE 512)
|
| 541 |
1 |
|
|e 0020218
|a Trim Education
|
| 650 |
|
0 |
|a SONET (Data transmission)
|
| 650 |
|
0 |
|a Synchronous digital hierarchy (Data transmission)
|
| 650 |
|
0 |
|a Asynchronous transfer mode.
|
| 710 |
2 |
|
|a IEEE Communications Society.
|9 58911
|
| 830 |
|
|
|a IEEE Press understanding science & technology series
|9 58912
|
| 852 |
4 |
|
|a Ayesha Abed Library
|c General Stacks
|
| 942 |
|
|
|2 ddc
|c BK
|
| 999 |
|
|
|c 8578
|d 8578
|
| 952 |
|
|
|0 0
|1 0
|2 ddc
|4 0
|6 621_382750000000000_KAR
|7 0
|9 10201
|a BRACUL
|b BRACUL
|c GEN
|d 2010-05-16
|e Trim Education
|g 4895.00
|l 1
|o 621.38275 KAR
|p 3010020218
|r 2022-06-02
|s 2022-02-27
|t 2
|v 9790.00
|w 2010-05-16
|y BK
|x Koha Inventory 2020 ; Previously missing book recovered ; Requisitioned by Md Sayeed Salam (Department of Electrical and Electronic Engineering, BRAC University) for the course named- "Telecommunication Transmission Technologies (EEE 512)"
|
| 952 |
|
|
|0 0
|1 0
|2 ddc
|4 0
|6 621_382750000000000_KAR_1999
|7 0
|9 10202
|a BRACUL
|b BRACUL
|c GEN
|d 2010-05-16
|e Trim Education
|g 4895.00
|l 0
|o 621.38275 KAR
|p 3010020217
|r 2010-05-16
|t 1
|v 9790.00
|w 2010-05-16
|y BK
|x Requisitioned by Md Sayeed Salam (Department of Electrical and Electronic Engineering, BRAC University) for the course named- "Telecommunication Transmission Technologies (EEE 512)"
|